Quiz o roku 2005* - Statystyki

Ogólne statystyki
  • Ten quiz został rozwiązany 5 razy
  • Średni wynik to 7 z 16
Statystyki odpowiedzi
Podpowiedź Odpowiedź % Poprawnych
Te dwa kluby zawarły chwilowe pojednanie po śmierci Jana Pawła II Cracovia | Wisła Kraków
80%
Tym terminem określono sposób bronienia karnych przez polskiego bramkarza w barwach Liverpoolu, podczas finału Ligi Mistrzów Dudek Dance
80%
Film fabularny opowiadający o życiorysie Karola Wojtyły Karol. Człowiek, który został papieżem
80%
Animowana komputerowo postać znana w połowie lat 2000. z dzwonków na telefon i coverowania znanych utworów, jak Axel F Crazy Frog
60%
Imię cyklonu atlantyckiego, który latem nawiedził USA oraz Karaiby, a w szczególności miasto Nowy Orlean Huragan Katrina
60%
Najdłuższy serial science-fiction w historii emitowany przez BBC, powrócił na antenę po 15 latach przerwy Doctor Who
40%
Kontrowersyjny wykon tego utworu Mandaryny (bez playbacku) miał miejsce na festiwalu w Sopocie, poprzedzony został słynnym "Znacie [...]?" Ev'ry Night
40%
Polska grupa kabaretowa, która wystąpiła w kilku kultowych reklamach sieci Plus Mumio
40%
"Polska encyklopedia humoru", czyli strona internetowa parodiująca Wikipedię, na której zamieszczano satyryczne artykuły z różnych dziedzin, otwarta w 2005 r. Nonsensopedia
40%
W nawiązaniu do słynnych słów Kuby Wojewódzkiego w programie Idol - kto się "nie dostał?" "Rudy się nie dostał"
40%
Dwa zespoły (polski i niemiecki) uznawane za głównych przedstawicieli subkultury Emo, niezwykle popularnej w drugiej połowie lat 2000. Blog 27 | Tokio Hotel
20%
Polityk wyrzucony z PiSu za stwierdzenie w trakcie kampanii prezydenckiej, jakoby Donald Tusk miał mieć "dziadka w Wehrmachcie" Jacek Kurski
20%
Utwór z kultowego spotu promującego iPod Shuffle, nową generację odtwarzaczy MP3 firmy Apple Jerk It Out
20%
Spis szeroko rozpowszechniony przez byłego publicystę "Rzeczypospolitej", zawierał on 162 tys. nazwisk osób rzekomo powiązanych z służbami bezpieczeństwa PRL Lista Wildsteina
20%
Seria koncertów charytatywnych na terenie RPA oraz krajów G8, obfitowały m.in. w wielki powrót grupy Pink Floyd Live 8
20%
Pierwszy film wrzucony na platformę YouTube; autorem był jeden z jego założycieli Me at the zoo
20%
Nie znaleziono quizów pasujących do podanych kryteriów
Rozkład punktacji
Procent ludzi z każdym wynikiem
Percentyl według liczby udzielonych odpowiedzi
Twoja historia wyników
Nie rozwiązałeś tego quizu